000 00584nam a2200217Ia 4500
003 OSt
005 20220918191937.0
006 a|||||r|||| 00| 0
007 ta
008 220917b |||||||| |||| 00| 0 eng d
024 _a66,063
037 _cTextual
040 _aARTS
_cARTS
_beng
041 _2eng
_aeng
082 _aR2, M4
100 _aVeyne Paul
_977798
245 0 _aWriting history ; essasy on epistemology tr by Mina Moore
260 _aManchester
_bManchester Univ Press
_c1984
942 _hR2, M4
_cTEXL
_2CC
999 _c192297
_d192297